00281nam a2200121Ia 45000030006000000080041000060400015000471000041000622450018001032600009001215460012001300050017001420STCL150530s9999 xx 000 0 und d aSTCLcSTCL aMack, M.; Dean, W.and Frost, W., Eds aModern poetry c1950 aEnglish20220125170648.0